[Event "Europa tch femenino 2005"]
[Site "Gotebörg SWE"]
[Date "2005.08.04"]
[Round "6.1"]
[White "Galliamova, Alisa"]
[Black "Zielinska, Marta"]
[Result "1-0"]
[WhiteElo "2453"]
[BlackElo "2410"]
[PlyCount "93"]
[EventDate "2005.07.30"]
[EventType "team"]
[EventRounds "9"]
[EventCountry "SWE"]
[Source "lmi"]
[SourceDate "2005.08.07"]

1. d4 Nf6 2. Nf3 d6 3. g3 g6 4. Bg2 Bg7 5. O-O O-O 6. c4 c6 7. Nc3 Nbd7 8. h3
e5 9. e4 Re8 10. Re1 Qc7 11. Be3 h6 12. Qd2 Kh7 13. Rad1 Ng8 14. Nh2 Nf8 15. f4
exf4 16. Bxf4 g5 17. Be3 Ng6 18. Rf1 Nf6 19. Rf2 Rf8 20. Rdf1 Qe7 21. b4 Bd7
22. c5 dxc5 23. bxc5 Nh5 24. Ne2 Rae8 25. g4 Nf6 26. e5 Nd5 27. Ng3 Nxe3 28.
Qxe3 Nf4 29. Nf5 Bxf5 30. gxf5 f6 31. e6 h5 32. Rb1 Rc8 33. Rxf4 gxf4 34. Qe2
Bh6 35. Qxh5 Qg7 36. e7 Rf7 37. Rxb7 Re8 38. Ng4 Rexe7 39. Rxe7 Rxe7 40. Bxc6
Re1+ 41. Kf2 Rd1 42. d5 Rd2+ 43. Kf3 Qg5 44. Qxh6+ Qxh6 45. Nxh6 Kxh6 46. Kxf4
Kg7 47. Bb7 1-0

[Event "Europa tch femenino 2005"]
[Site "Gotebörg SWE"]
[Date "2005.08.04"]
[Round "6.2"]
[White "Foisor, Cristina Adela"]
[Black "Gaponenko, Inna"]
[Result "0-1"]
[WhiteElo "2402"]
[BlackElo "2439"]
[PlyCount "80"]
[EventDate "2005.07.30"]
[EventType "team"]
[EventRounds "9"]
[EventCountry "SWE"]
[Source "lmi"]
[SourceDate "2005.08.07"]

1. d4 Nf6 2. Nf3 e6 3. g3 b6 4. Bg2 Bb7 5. O-O Be7 6. c4 O-O 7. Nc3 Ne4 8. Bd2
Bf6 9. Qc2 Nxc3 10. Bxc3 d6 11. Ng5 Bxg5 12. Bxb7 Nd7 13. Bxa8 Qxa8 14. d5 e5
15. e4 a5 16. b3 Qe8 17. a3 g6 18. b4 axb4 19. axb4 f5 20. Ra7 Bd8 21. Ra8 f4
22. f3 g5 23. g4 h5 24. h3 Nf6 25. Rf2 Qe7 26. Rg2 Kf7 27. Be1 Rh8 28. Bf2 Qf8
29. c5 bxc5 30. bxc5 hxg4 31. cxd6 cxd6 32. fxg4 Rxh3 33. Qc8 Qh8 34. Qe6+ Kg6
35. Qf5+ Kf7 36. Kf1 Rb3 37. Ra7+ Kf8 38. Qg6 Qh1+ 39. Rg1 Qh3+ 40. Ke1 Qc3+
0-1

[Event "Europa tch femenino 2005"]
[Site "Gotebörg SWE"]
[Date "2005.08.04"]
[Round "6.2"]
[White "Calotescu, Ana-Cristina"]
[Black "Vasilevich, Tatjana"]
[Result "1/2-1/2"]
[WhiteElo "2273"]
[BlackElo "2393"]
[PlyCount "58"]
[EventDate "2005.07.30"]
[EventType "team"]
[EventRounds "9"]
[EventCountry "SWE"]
[Source "lmi"]
[SourceDate "2005.08.07"]

1. c4 e6 2. Nf3 Nf6 3. g3 a6 4. Bg2 b5 5. b3 c5 6. Nc3 Qb6 7. e3 Bb7 8. Qe2 b4
9. Na4 Qc7 10. Bb2 Be7 11. O-O d6 12. d4 Nbd7 13. a3 a5 14. axb4 axb4 15. dxc5
dxc5 16. Ne1 O-O 17. e4 e5 18. Nc2 Nb8 19. Ne3 Nc6 20. Nd5 Nxd5 21. exd5 Nd4
22. Bxd4 exd4 23. Rae1 Bd6 24. Bh3 g6 25. Ra1 Kg7 26. Nb2 Rfb8 27. Rxa8 Rxa8
28. Na4 f5 29. Re1 Qd8 1/2-1/2

[Event "Europa tch femenino 2005"]
[Site "Gotebörg SWE"]
[Date "2005.08.04"]
[Round "6.3"]
[White "Medvegy, Nora"]
[Black "Dzagnidze, Nana"]
[Result "0-1"]
[WhiteElo "2387"]
[BlackElo "2438"]
[PlyCount "66"]
[EventDate "2005.07.30"]
[EventType "team"]
[EventRounds "9"]
[EventCountry "SWE"]
[Source "lmi"]
[SourceDate "2005.08.07"]

1. e4 c5 2. Nf3 d6 3. d4 cxd4 4. Nxd4 Nf6 5. Nc3 a6 6. Be3 e5 7. Nf3 Qc7 8. a4
Be6 9. a5 Be7 10. Be2 O-O 11. O-O Nc6 12. Bb6 Qd7 13. Nd2 Bd8 14. Bc4 Bxb6 15.
axb6 Rac8 16. b3 Nd4 17. Re1 Qc6 18. Na4 Bxc4 19. Nxc4 Nxe4 20. c3 Nxb3 21.
Rxe4 Nxa1 22. Nd2 Qd5 23. Rb4 e4 24. Rb2 e3 25. fxe3 Rfe8 26. Qxa1 Rxe3 27. Nf1
Re4 28. Ng3 Re5 29. Rb1 Rce8 30. Rd1 Qxd1+ 31. Qxd1 Re1+ 32. Qxe1 Rxe1+ 33. Kf2
Ra1 0-1

[Event "Europa tch femenino 2005"]
[Site "Gotebörg SWE"]
[Date "2005.08.04"]
[Round "6.3"]
[White "Lomineishvili, Maia"]
[Black "Vajda, Szidonia"]
[Result "1/2-1/2"]
[WhiteElo "2420"]
[BlackElo "2392"]
[PlyCount "94"]
[EventDate "2005.07.30"]
[EventType "team"]
[EventRounds "9"]
[EventCountry "SWE"]
[Source "lmi"]
[SourceDate "2005.08.07"]

1. e4 e5 2. Nf3 Nc6 3. d4 exd4 4. Nxd4 Nf6 5. Nxc6 bxc6 6. e5 Qe7 7. Qe2 Nd5 8.
c4 Nb6 9. Nc3 Qe6 10. Qe4 g6 11. Bd3 Bg7 12. f4 O-O 13. O-O d5 14. cxd5 cxd5
15. Qf3 c6 16. b3 f6 17. exf6 Bxf6 18. Bb2 Bd4+ 19. Kh1 Qg4 20. Na4 Bxb2 21.
Nxb2 Qxf3 22. Rxf3 a5 23. Rc1 Bd7 24. Bf1 a4 25. Nd3 axb3 26. axb3 Ra3 27. Ne5
Rc8 28. Rfc3 c5 29. Rxc5 Rxc5 30. Rxc5 Rxb3 31. Nxd7 Nxd7 32. Rxd5 Rb1 33. g3
Nf6 34. Rd8+ Kg7 35. Kg2 Ng4 36. Re8 Rb2+ 37. Re2 Rb3 38. Re7+ Kf6 39. Rf7+
Kxf7 40. Bc4+ Kf6 41. Bxb3 g5 42. h3 Ne3+ 43. Kf3 Nf5 44. fxg5+ Kxg5 45. Bd5 h5
46. Be4 Nxg3 47. Kxg3 h4+ 1/2-1/2

[Event "Europa tch femenino 2005"]
[Site "Gotebörg SWE"]
[Date "2005.08.04"]
[Round "6.4"]
[White "Llaneza Vega, Patricia"]
[Black "Genova, Liubka"]
[Result "1-0"]
[WhiteElo "2180"]
[BlackElo "2235"]
[PlyCount "87"]
[EventDate "2005.07.30"]
[EventType "team"]
[EventRounds "9"]
[EventCountry "SWE"]
[Source "lmi"]
[SourceDate "2005.08.07"]

1. e4 c5 2. Nf3 e6 3. d4 cxd4 4. Nxd4 a6 5. c4 Nf6 6. Nc3 Qc7 7. a3 b6 8. Be2
Bb7 9. f3 d6 10. Be3 Be7 11. O-O Nbd7 12. Rc1 Rc8 13. Qd2 Qb8 14. b4 O-O 15.
Rfd1 Rfd8 16. Bf1 Bf8 17. Nb3 Ba8 18. Qf2 Ne5 19. Na4 b5 20. Nb6 bxc4 21. Nxc8
Rxc8 22. Na5 Qb5 23. Bf4 Nfd7 24. Qd4 Qa4 25. Bxe5 Nxe5 26. Nxc4 Nxc4 27. Rxc4
Rxc4 28. Bxc4 Qxa3 29. Rb1 a5 30. Kf1 d5 31. exd5 exd5 32. Be2 Bxb4 33. Qb6 Bf8
34. Qa6 d4 35. Qxa8 d3 36. Bd1 d2 37. Qd8 Qc1 38. Qd3 a4 39. Qc2 Ba3 40. Ke2 g6
41. Rb8+ Kg7 42. Qxa4 Bc5 43. Qc2 Qa3 44. Qb2+ 1-0

[Event "Europa tch femenino 2005"]
[Site "Gotebörg SWE"]
[Date "2005.08.04"]
[Round "6.4"]
[White "Hernandez, Yudania"]
[Black "Voiska, Margarita"]
[Result "1/2-1/2"]
[WhiteElo "2234"]
[BlackElo "2328"]
[PlyCount "110"]
[EventDate "2005.07.30"]
[EventType "team"]
[EventRounds "9"]
[EventCountry "SWE"]
[Source "lmi"]
[SourceDate "2005.08.07"]

1. e4 c5 2. g3 Nc6 3. Bg2 g6 4. f4 Bg7 5. Nf3 d6 6. d3 e5 7. O-O exf4 8. gxf4
Nge7 9. c3 O-O 10. Be3 h6 11. Nbd2 Be6 12. Qe1 Qd7 13. Qg3 f5 14. Nh4 Kh7 15.
Kh1 Bf6 16. a3 b6 17. Rae1 Rae8 18. Bf3 Rg8 19. Rg1 d5 20. e5 Bxh4 21. Qxh4 d4
22. Rg3 dxe3 23. Rh3 Rg7 24. Qxh6+ Kg8 25. Rxe3 Kf7 26. Bg2 Reg8 27. Nf3 Nd5
28. Ng5+ Ke8 29. Ref3 Kd8 30. Qh4 Kc8 31. Qe1 Nc7 32. c4 Nd4 33. Rf1 Rd8 34. b4
Qe7 35. b5 Kb8 36. a4 Bc8 37. a5 Nde6 38. axb6 axb6 39. d4 cxd4 40. Qa1 Nxg5
41. fxg5 Bb7 42. Bc6 Qc5 43. Qa4 d3 44. Ra1 Bxc6+ 45. bxc6 Qa5 46. Qd1 Qxe5 47.
Qa4 Qxa1+ 48. Qxa1 d2 49. Qd1 Re7 50. Kg2 Re1 51. Qb3 Rg1+ 52. Kf2 Rf1+ 53. Kg2
Rg1+ 54. Kf2 Rf1+ 55. Kg2 Rg1+ 1/2-1/2

[Event "Europa tch femenino 2005"]
[Site "Gotebörg SWE"]
[Date "2005.08.04"]
[Round "6.4"]
[White "Djingarova, Emilia"]
[Black "Trujillo Delgado, Dafnae"]
[Result "1-0"]
[WhiteElo "2277"]
[BlackElo "2219"]
[PlyCount "75"]
[EventDate "2005.07.30"]
[EventType "team"]
[EventRounds "9"]
[EventCountry "SWE"]
[Source "lmi"]
[SourceDate "2005.08.07"]

1. e4 c5 2. Nf3 d6 3. d4 cxd4 4. Nxd4 Nf6 5. Nc3 a6 6. Be2 e6 7. f4 Qc7 8. O-O
Be7 9. Kh1 O-O 10. a4 Nc6 11. Be3 Re8 12. Bf3 Bd7 13. Nb3 b6 14. g4 Bc8 15. g5
Nd7 16. Bg2 Bb7 17. Qh5 g6 18. Qh3 Bf8 19. f5 Nce5 20. Rf4 exf5 21. exf5 Bxg2+
22. Qxg2 Rac8 23. Nd4 Nc4 24. Bg1 Qd8 25. Nc6 Rxc6 26. Qxc6 Nde5 27. Qg2 Nxb2
28. Nd5 Bg7 29. Bxb6 Qd7 30. Bd4 Nbc4 31. Raf1 Rb8 32. Rh4 gxf5 33. Nf6+ Bxf6
34. gxf6+ Ng6 35. Rxh7 Nce5 36. Rg7+ Kf8 37. Bxe5 dxe5 38. Qxg6 1-0

[Event "Europa tch femenino 2005"]
[Site "Gotebörg SWE"]
[Date "2005.08.04"]
[Round "6.5"]
[White "Sikorova, Olga"]
[Black "Makropoulou, Marina"]
[Result "1-0"]
[WhiteElo "2232"]
[BlackElo "2287"]
[PlyCount "113"]
[EventDate "2005.07.30"]
[EventType "team"]
[EventRounds "9"]
[EventCountry "SWE"]
[Source "lmi"]
[SourceDate "2005.08.07"]

1. e4 e5 2. Bc4 Nf6 3. d3 Nc6 4. Nc3 Na5 5. Nge2 c6 6. O-O b5 7. Bb3 d5 8. exd5
b4 9. Ne4 Nxb3 10. axb3 cxd5 11. Nxf6+ Qxf6 12. Bd2 Be7 13. Kh1 O-O 14. f4 e4
15. Be3 Bg4 16. Rf2 d4 17. Bxd4 Qc6 18. h3 Bh5 19. Ra5 f5 20. dxe4 Qxe4 21. Re5
Qb7 22. Qd3 Rad8 23. Ng3 Bg6 24. c3 bxc3 25. bxc3 Bf6 26. Rb5 Qd7 27. Rb4 Rfe8
28. Ra2 Kh8 29. Kh2 h6 30. Qa6 Re6 31. Qxa7 Qxa7 32. Rxa7 Bxd4 33. Rxd4 Rxd4
34. cxd4 Rd6 35. Ra4 Kg8 36. Rb4 Kf7 37. Kg1 Ke6 38. Kf2 Be8 39. Nf1 Ra6 40.
Ne3 Bc6 41. Rc4 Be4 42. Ra4 Rb6 43. b4 g5 44. fxg5 hxg5 45. g3 Rb8 46. h4 f4
47. gxf4 gxf4 48. Ng2 Bxg2 49. Kxg2 Kd5 50. Kf3 Rh8 51. h5 Kxd4 52. Ra5 Rf8 53.
h6 Kc4 54. h7 Kxb4 55. Rh5 Rh8 56. Kxf4 Kc4 57. Ke5 1-0

[Event "Europa tch femenino 2005"]
[Site "Gotebörg SWE"]
[Date "2005.08.04"]
[Round "6.5"]
[White "Fakhiridou, Ekaterini"]
[Black "Kulovana, Eva"]
[Result "1-0"]
[WhiteElo "2272"]
[BlackElo "2137"]
[PlyCount "83"]
[EventDate "2005.07.30"]
[EventType "team"]
[EventRounds "9"]
[EventCountry "SWE"]
[Source "lmi"]
[SourceDate "2005.08.07"]

1. e4 c6 2. d4 d5 3. Nc3 dxe4 4. Nxe4 Bf5 5. Nc5 b6 6. Nb3 Nf6 7. Nf3 g6 8. g3
Qc8 9. Bg2 Bh3 10. O-O Bxg2 11. Kxg2 Bg7 12. Re1 e6 13. Ne5 O-O 14. Qf3 Nfd7
15. Bf4 Nxe5 16. dxe5 Qc7 17. Nd4 Rc8 18. Rad1 Nd7 19. Qe2 b5 20. h4 h5 21. Nf3
Nb6 22. Qe4 Rd8 23. Rd6 Rac8 24. b3 Bf8 25. c4 bxc4 26. bxc4 c5 27. Rdd1 Rxd1
28. Rxd1 Rd8 29. Re1 Rd7 30. Bg5 Qc8 31. Qf4 Qc6 32. Re4 Rd1 33. g4 hxg4 34.
Qxg4 Qd7 35. h5 Qd3 36. hxg6 Qf1+ 37. Kg3 Qh1 38. gxf7+ Kh7 39. Bf6 Rg1+ 40.
Nxg1 Qxg1+ 41. Kf3 Qd1+ 42. Kg2 1-0

[Event "Europa tch femenino 2005"]
[Site "Gotebörg SWE"]
[Date "2005.08.04"]
[Round "6.5"]
[White "Botsari, Anna-Maria"]
[Black "Cedikova, Katerina"]
[Result "1-0"]
[WhiteElo "2297"]
[BlackElo "2262"]
[PlyCount "139"]
[EventDate "2005.07.30"]
[EventType "team"]
[EventRounds "9"]
[EventCountry "SWE"]
[Source "lmi"]
[SourceDate "2005.08.07"]

1. d4 g6 2. c4 Bg7 3. e4 d6 4. Nc3 Nf6 5. f3 O-O 6. Bg5 c5 7. d5 e6 8. Qd2 exd5
9. cxd5 h6 10. Be3 Nbd7 11. Nh3 Re8 12. Be2 Kh7 13. Nf2 a6 14. a4 Rb8 15. O-O
Ne5 16. Ra3 Bd7 17. Rb1 b5 18. axb5 Bxb5 19. Nxb5 axb5 20. b4 Nc4 21. Bxc4 bxc4
22. b5 Nd7 23. Ra6 Nb6 24. Ng4 c3 25. Qd3 Qe7 26. Bf2 h5 27. Ne3 Bd4 28. Nc2
Bg7 29. Rba1 Rb7 30. Be1 Qf6 31. R6a3 c4 32. Qf1 Qf4 33. Bxc3 Bxc3 34. Rxc3 Qd2
35. Qe1 Qxe1+ 36. Nxe1 f5 37. exf5 gxf5 38. Nc2 Re5 39. Rd1 Nxd5 40. Rxc4 Rxb5
41. Kf2 f4 42. g3 Rc5 43. Rxc5 dxc5 44. Na3 fxg3+ 45. hxg3 Nf6 46. Rd6 Kg7 47.
Nc4 Rd5 48. Ke3 Rxd6 49. Nxd6 Kg6 50. Kf4 Nd5+ 51. Ke5 Ne3 52. f4 Nf1 53. Ne4
c4 54. f5+ Kf7 55. Kf4 Nh2 56. Nd6+ Kf6 57. Nxc4 Nf1 58. Nb6 Nd2 59. Nd5+ Kf7
60. Nc3 Nf1 61. Ne4 Kg7 62. Kg5 Ne3 63. Nf6 Kf7 64. Nxh5 Nd5 65. g4 Nc7 66. Kh6
Ne8 67. g5 Kg8 68. g6 Kh8 69. g7+ Kg8 70. Kg6 1-0

[Event "Europa tch femenino 2005"]
[Site "Gotebörg SWE"]
[Date "2005.08.04"]
[Round "6.6"]
[White "Tsifanskaya, Ludmila A"]
[Black "Daulyte, Deimante"]
[Result "1/2-1/2"]
[WhiteElo "2190"]
[BlackElo "2195"]
[PlyCount "80"]
[EventDate "2005.07.30"]
[EventType "team"]
[EventRounds "9"]
[EventCountry "SWE"]
[Source "lmi"]
[SourceDate "2005.08.07"]

1. g3 g6 2. Bg2 Bg7 3. d4 Nf6 4. e4 d6 5. Ne2 O-O 6. O-O c5 7. dxc5 dxc5 8.
Qxd8 Rxd8 9. Be3 Ng4 10. Bc1 Nc6 11. h3 Nge5 12. Na3 b6 13. Be3 Ba6 14. Rfe1
Na5 15. Nf4 Nec4 16. Nxc4 Nxc4 17. Nd5 Bxb2 18. Rab1 Rd7 19. c3 Kg7 20. Bf1 e6
21. Bxc4 Bxc4 22. Nxb6 axb6 23. Rxb2 Rd6 24. Bf4 Rc6 25. Rd1 b5 26. Be5+ Kh6
27. Bf6 Rxa2 28. Rxa2 Bxa2 29. Rd7 e5 30. Bxe5 b4 31. cxb4 cxb4 32. Bf4+ Kg7
33. Be5+ Kh6 34. Bf4+ Kh5 35. Kh2 Rb6 36. Rc7 Rb5 37. Be3 g5 38. Rc6 Be6 39.
Rb6 Rxb6 40. Bxb6 b3 1/2-1/2

[Event "Europa tch femenino 2005"]
[Site "Gotebörg SWE"]
[Date "2005.08.04"]
[Round "6.6"]
[White "Limontaite, Simona"]
[Black "Igla, Bella"]
[Result "0-1"]
[WhiteElo "2095"]
[BlackElo "2299"]
[PlyCount "140"]
[EventDate "2005.07.30"]
[EventType "team"]
[EventRounds "9"]
[EventCountry "SWE"]
[Source "lmi"]
[SourceDate "2005.08.07"]

1. d4 Nf6 2. c4 g6 3. Nc3 Bg7 4. e4 O-O 5. Be3 d6 6. f3 Nc6 7. Nge2 a6 8. Qd2
Rb8 9. Nd5 e6 10. Nxf6+ Bxf6 11. Bf2 b5 12. cxb5 axb5 13. h4 b4 14. g4 Na5 15.
Nf4 c5 16. Ng2 Nc6 17. e5 dxe5 18. g5 Bg7 19. dxc5 Nd4 20. Bxd4 exd4 21. Bd3
Qd5 22. Be4 Qxc5 23. Nf4 Bb7 24. Nd3 Qd6 25. Qg2 Rfc8 26. O-O Ba6 27. Rac1 Bc4
28. b3 Bxd3 29. Bxd3 Rc3 30. Rcd1 Qf4 31. Qf2 Rd8 32. Rfe1 Qd6 33. f4 Rf8 34.
Qd2 e5 35. fxe5 Bxe5 36. Re4 Bg7 37. Qg2 Rfc8 38. Ree1 Be5 39. Rf1 Bf4 40. Kh1
Be3 41. Bc4 Rf8 42. Rf3 Kg7 43. Rdf1 Rc1 44. Rxc1 Bxc1 45. Rf6 Qe7 46. Qf3 h6
47. gxh6+ Bxh6 48. Rb6 Qxh4+ 49. Kg2 Bf4 50. Rb7 Qg5+ 51. Kf1 Qe5 52. Rb5 Qd6
53. Rd5 Qf6 54. Rd7 g5 55. Kg2 Be3 56. Qg3 Qf5 57. Rd5 Qe4+ 58. Qf3 Qxf3+ 59.
Kxf3 f5 60. Rb5 Kg6 61. Rxb4 g4+ 62. Kg3 Kh5 63. Rb5 Bg5 64. Rd5 f4+ 65. Kf2 f3
66. Rxd4 Bh4+ 67. Kg1 g3 68. Bf1 Bg5 69. Rd3 Kg4 70. Rc3 Re8 0-1

[Event "Europa tch femenino 2005"]
[Site "Gotebörg SWE"]
[Date "2005.08.04"]
[Round "6.6"]
[White "Ciuksyte, Dagne"]
[Black "Klinova, Masha"]
[Result "1/2-1/2"]
[WhiteElo "2341"]
[BlackElo "2384"]
[PlyCount "53"]
[EventDate "2005.07.30"]
[EventType "team"]
[EventRounds "9"]
[EventCountry "SWE"]
[Source "lmi"]
[SourceDate "2005.08.07"]

1. e4 d6 2. d4 Nf6 3. Nc3 g6 4. Be3 Bg7 5. Qd2 c6 6. h3 b5 7. Bd3 Nbd7 8. Nf3
Qc7 9. O-O O-O 10. Rfe1 e5 11. dxe5 dxe5 12. a4 b4 13. Nd1 c5 14. b3 Bb7 15.
Bg5 Rfe8 16. Nb2 Nf8 17. Bxf6 Bxf6 18. Bc4 Rad8 19. Qe3 Ne6 20. Bxe6 Rxe6 21.
Rad1 Ree8 22. Nd3 Rc8 23. Rd2 Red8 24. Red1 Qc6 25. Re1 Qc7 26. Red1 Qc6 27.
Re1 1/2-1/2

[Event "Europa tch femenino 2005"]
[Site "Gotebörg SWE"]
[Date "2005.08.04"]
[Round "6.6"]
[White "Borsuk, Angela"]
[Black "Zaksaite, Salomeja"]
[Result "1-0"]
[WhiteElo "2342"]
[BlackElo "2237"]
[PlyCount "63"]
[EventDate "2005.07.30"]
[EventType "team"]
[EventRounds "9"]
[EventCountry "SWE"]
[Source "lmi"]
[SourceDate "2005.08.07"]

1. d4 d5 2. c4 dxc4 3. Nf3 Nf6 4. e3 e6 5. Bxc4 c5 6. O-O a6 7. Bb3 cxd4 8.
exd4 Be7 9. Nc3 O-O 10. Qe2 Nc6 11. Rd1 Bd7 12. Ne5 Rc8 13. Bf4 Nb4 14. Qf3 Bc6
15. Nxc6 Rxc6 16. Be5 Qd7 17. a4 Rd8 18. a5 Qc8 19. h3 b6 20. axb6 Rxb6 21. Na4
Rc6 22. Nc5 Nd7 23. Nxd7 Rxd7 24. Ba4 f6 25. Bg3 Rd5 26. Bxc6 Qxc6 27. Rac1 Qb6
28. Qe4 g6 29. Rc7 Qb5 30. Qxe6+ Kf8 31. Bf4 Qd7 32. Bh6+ 1-0

[Event "Europa tch femenino 2005"]
[Site "Gotebörg SWE"]
[Date "2005.08.04"]
[Round "6.7"]
[White "Skripchenko, Almira"]
[Black "Peng, Zhaoqin"]
[Result "1/2-1/2"]
[WhiteElo "2437"]
[BlackElo "2405"]
[PlyCount "106"]
[EventDate "2005.07.30"]
[EventType "team"]
[EventRounds "9"]
[EventCountry "SWE"]
[Source "lmi"]
[SourceDate "2005.08.07"]

1. e4 e6 2. d4 d5 3. Nc3 Bb4 4. e5 c5 5. Bd2 Ne7 6. Nb5 Bxd2+ 7. Qxd2 O-O 8.
dxc5 Nd7 9. f4 Nxc5 10. Bd3 Qb6 11. O-O-O Nf5 12. Nf3 Ne4 13. Bxe4 dxe4 14.
Nfd4 e3 15. Qc3 e2 16. Rde1 Bd7 17. Nxf5 Bxb5 18. Nd6 Ba6 19. Kb1 Rad8 20. b3
Rxd6 21. exd6 Qxd6 22. Qe5 Qb4 23. c4 b5 24. c5 Rc8 25. Rxe2 Rxc5 26. Rd1 h6
27. Qe4 Qxe4+ 28. Rxe4 Bb7 29. Re2 f5 30. Kb2 Be4 31. Red2 Rc7 32. Rc1 Rb7 33.
g3 Kf7 34. Rc8 g5 35. Rdd8 gxf4 36. gxf4 Kg6 37. Rc3 Kh5 38. Rh3+ Kg4 39. Rxh6
Bd5 40. h4 Kxf4 41. h5 Kg5 42. Rhh8 f4 43. Rdg8+ Kf5 44. h6 Kf6 45. Rf8+ Ke5
46. Rfg8 Kf6 47. Rf8+ Ke5 48. Rhg8 Rh7 49. Rg6 Be4 50. Rgf6 Bf5 51. R8f7 Rh8
52. Rf8 Rh7 53. R8f7 Rh8 1/2-1/2

[Event "Europa tch femenino 2005"]
[Site "Gotebörg SWE"]
[Date "2005.08.04"]
[Round "6.7"]
[White "Hamelink, Desiree"]
[Black "Lallemand, Roza"]
[Result "1/2-1/2"]
[WhiteElo "2195"]
[BlackElo "2287"]
[PlyCount "52"]
[EventDate "2005.07.30"]
[EventType "team"]
[EventRounds "9"]
[EventCountry "SWE"]
[Source "lmi"]
[SourceDate "2005.08.07"]

1. e4 c5 2. Nf3 d6 3. Bb5+ Nd7 4. O-O Ngf6 5. Re1 a6 6. Bxd7+ Nxd7 7. c3 e6 8.
d4 Be7 9. a4 b6 10. Na3 Bb7 11. b3 O-O 12. Bb2 Nf6 13. Nd2 cxd4 14. cxd4 d5 15.
e5 Ne4 16. f3 Nxd2 17. Qxd2 f6 18. Nc2 fxe5 19. Rxe5 Bd6 20. Rxe6 Qc7 21. h3
Bc8 22. Re2 Bf4 23. Qe1 Bg3 24. Qd2 Bf4 25. Qe1 Bg3 26. Qd2 Bf4 1/2-1/2

[Event "Europa tch femenino 2005"]
[Site "Gotebörg SWE"]
[Date "2005.08.04"]
[Round "6.8"]
[White "Pavlovskaia, Evgenia"]
[Black "Rozic, Vesna"]
[Result "1/2-1/2"]
[WhiteElo "2174"]
[BlackElo "2192"]
[PlyCount "89"]
[EventDate "2005.07.30"]
[EventType "team"]
[EventRounds "9"]
[EventCountry "SWE"]
[Source "lmi"]
[SourceDate "2005.08.07"]

1. e4 e6 2. d4 d5 3. Nd2 c5 4. exd5 Qxd5 5. Ngf3 cxd4 6. Bc4 Qd6 7. O-O Nf6 8.
Nb3 Nc6 9. Nbxd4 Nxd4 10. Nxd4 a6 11. Bb3 Qc7 12. Re1 Bd7 13. Bg5 O-O-O 14. Qe2
Bd6 15. h3 h6 16. Be3 e5 17. Nf3 Bc6 18. c4 Rhe8 19. Bc2 Nh5 20. c5 Bf8 21. Nd2
Nf4 22. Qg4+ Kb8 23. Be4 Nd5 24. Bxd5 Bxd5 25. Rac1 Re6 26. f3 Rg6 27. Qh5 Be7
28. Ne4 Bxe4 29. fxe4 Bg5 30. Bxg5 Rxg5 31. Qe2 Qc6 32. b4 Rd4 33. a3 Rg3 34.
Qf2 Rxa3 35. Qxf7 Qc7 36. Qe8+ Rd8 37. Qe6 Rad3 38. Kh2 R3d7 39. Rf1 Re7 40.
Qb3 Qc6 41. Rfe1 Red7 42. Qg3 Re7 43. Qb3 Red7 44. Qg3 Re7 45. Qb3 1/2-1/2

[Event "Europa tch femenino 2005"]
[Site "Gotebörg SWE"]
[Date "2005.08.04"]
[Round "6.8"]
[White "Krivec, Jana"]
[Black "Johansson, Victoria"]
[Result "1/2-1/2"]
[WhiteElo "2270"]
[BlackElo "2218"]
[PlyCount "50"]
[EventDate "2005.07.30"]
[EventType "team"]
[EventRounds "9"]
[EventCountry "SWE"]
[Source "lmi"]
[SourceDate "2005.08.07"]

1. e4 c5 2. Nf3 Nc6 3. d4 cxd4 4. Nxd4 g6 5. Nc3 Bg7 6. Nb3 Nf6 7. Be2 O-O 8.
O-O d6 9. Re1 b6 10. Bf1 Bb7 11. Nd5 Nd7 12. c3 e6 13. Ne3 Nc5 14. f3 Ne5 15.
Nd4 a6 16. b4 Ncd7 17. Bb2 Nf6 18. c4 h5 19. Qb3 h4 20. c5 Nh5 21. Rad1 Nf4 22.
cxd6 Qxd6 23. Ndf5 Nh3+ 24. Kh1 Nf2+ 25. Kg1 Nh3+ 1/2-1/2

[Event "Europa tch femenino 2005"]
[Site "Gotebörg SWE"]
[Date "2005.08.04"]
[Round "6.8"]
[White "Agrest, Svetlana"]
[Black "Srebrnic, Ana"]
[Result "1/2-1/2"]
[WhiteElo "2270"]
[BlackElo "2289"]
[PlyCount "75"]
[EventDate "2005.07.30"]
[EventType "team"]
[EventRounds "9"]
[EventCountry "SWE"]
[Source "lmi"]
[SourceDate "2005.08.07"]

1. e4 e5 2. Nf3 Nf6 3. Nc3 Nc6 4. Bb5 Bd6 5. O-O O-O 6. d3 h6 7. Ne2 a6 8. Ba4
b5 9. Bb3 Na5 10. Ng3 Nxb3 11. axb3 Re8 12. Qe2 Bf8 13. h3 d5 14. Bd2 Bb7 15.
Rfd1 Qd7 16. c4 dxe4 17. dxe4 Qc6 18. cxb5 Qxb5 19. Qe3 Bc5 20. Qc3 Qb6 21. Be1
Nxe4 22. Nxe4 Bxe4 23. Nxe5 Bd6 24. Nc4 Qb7 25. Nxd6 cxd6 26. f3 Bd5 27. Qd4
Bxb3 28. Bc3 f6 29. Re1 d5 30. Qg4 Qf7 31. Rxe8+ Rxe8 32. Rxa6 Kh7 33. Qf5+ Qg6
34. Qxg6+ Kxg6 35. Ra7 Bc4 36. h4 Re6 37. h5+ Kh7 38. g4 1/2-1/2

[Event "Europa tch femenino 2005"]
[Site "Gotebörg SWE"]
[Date "2005.08.04"]
[Round "6.9"]
[White "Danielian, Elina"]
[Black "Lematschko, Tatjana"]
[Result "1-0"]
[WhiteElo "2433"]
[BlackElo "2205"]
[PlyCount "61"]
[EventDate "2005.07.30"]
[EventType "team"]
[EventRounds "9"]
[EventCountry "SWE"]
[Source "lmi"]
[SourceDate "2005.08.07"]

1. Nf3 d5 2. d4 Nf6 3. Bf4 e6 4. e3 Be7 5. Nbd2 c5 6. c3 O-O 7. Bd3 b6 8. Ne5
Bb7 9. Qf3 Nbd7 10. h4 cxd4 11. exd4 Ne8 12. Rh3 Nd6 13. Rg3 f5 14. Qh5 Nxe5
15. Bxe5 Bf6 16. Nf3 Qe8 17. Qxe8 Nxe8 18. O-O-O a6 19. Re1 Rd8 20. Bf4 Bc8 21.
Ng5 Bxg5 22. hxg5 Nd6 23. Rh3 Ne4 24. Rf1 b5 25. f3 Nd6 26. Rfh1 Kf7 27. Rxh7
Kg6 28. Be5 Rg8 29. Be2 Nf7 30. f4 Nh6 31. gxh6 1-0

[Event "Europa tch femenino 2005"]
[Site "Gotebörg SWE"]
[Date "2005.08.04"]
[Round "6.9"]
[White "Andriasian, Siranush"]
[Black "Wilson, Alexandra"]
[Result "0-1"]
[WhiteElo "2280"]
[BlackElo "2056"]
[PlyCount "112"]
[EventDate "2005.07.30"]
[EventType "team"]
[EventRounds "9"]
[EventCountry "SWE"]
[Source "lmi"]
[SourceDate "2005.08.07"]

1. e4 e6 2. d4 d5 3. Nc3 Nf6 4. Bg5 Bb4 5. e5 h6 6. exf6 hxg5 7. fxg7 Rg8 8.
Qd3 Qf6 9. Nf3 Nc6 10. O-O-O Bd7 11. Be2 g4 12. Ne1 Rxg7 13. Nb5 O-O-O 14. c3
a6 15. cxb4 axb5 16. Qc3 Qxf2 17. Bxb5 Rh8 18. Rd2 Qf4 19. Nd3 Qd6 20. g3 Nb8
21. Bxd7+ Nxd7 22. Kb1 Rgh7 23. Rc2 f6 24. Re2 e5 25. Qe1 e4 26. Nf4 Nf8 27. b5
Ne6 28. Nxe6 Qxe6 29. Qa5 Qb6 30. Qa8+ Kd7 31. Qa4 f5 32. Qb3 Qd6 33. Rf2 Rh5
34. Rc2 f4 35. gxf4 Qxf4 36. Rhc1 Rc8 37. Rc5 Qd6 38. Qd1 Qe6 39. Qf1 e3 40.
Qg2 Qf5+ 41. Ka1 Qf3 42. Qc2 Qf4 43. Qg6 Rf5 44. Qg7+ Ke6 45. b6 e2 46. Re1 Qf1
47. Qh6+ Rf6 48. Qe3+ Kf7 49. Qc1 Qxe1 50. Qxe1 Rf1 51. Rc1 Rxe1 52. Rxe1 cxb6
53. Kb1 Re8 54. Kc2 Kf6 55. Kd2 Kf5 56. Kd3 Kf4 0-1

[Event "Europa tch femenino 2005"]
[Site "Gotebörg SWE"]
[Date "2005.08.04"]
[Round "6.10"]
[White "Paehtz, Elisabeth"]
[Black "Medic, Mirjana"]
[Result "1-0"]
[WhiteElo "2421"]
[BlackElo "2268"]
[PlyCount "63"]
[EventDate "2005.07.30"]
[EventType "team"]
[EventRounds "9"]
[EventCountry "SWE"]
[Source "lmi"]
[SourceDate "2005.08.07"]

1. e4 e6 2. d4 d5 3. Nc3 dxe4 4. Nxe4 Nd7 5. Bd3 Ngf6 6. Qe2 c5 7. Nxf6+ Nxf6
8. dxc5 Bxc5 9. Nf3 O-O 10. Bd2 b6 11. O-O-O Bb7 12. Ne5 Qc7 13. Rhe1 Bd6 14.
f4 Rac8 15. Kb1 b5 16. Qf2 Bd5 17. c3 Qb7 18. Qe2 a6 19. Bc1 Rc7 20. Bc2 Rfc8
21. Qe3 Bc5 22. Qd3 Qb6 23. g4 g6 24. f5 Bf8 25. fxg6 fxg6 26. g5 Nd7 27. Ng4
Bg7 28. Bb3 Nc5 29. Bxd5 Nxd3 30. Rxe6 Qxe6 31. Bxe6+ Kf8 32. Rxd3 1-0